| 000 | 00680nam a22002057a 4500 | ||
|---|---|---|---|
| 999 |
_c20652 _d20652 |
||
| 003 | AR-CdUCM | ||
| 008 | 190601b ||||| |||| 00| 0 spa d | ||
| 040 |
_aMUNICIPALIDAD PROVINCIAL DEL CUSCO _cBIBLIOTECA MUNICIPAL DEL CUSCO |
||
| 082 |
_a519 / _bM98 |
||
| 100 |
_aMusso, A. _943169 |
||
| 245 | _aCómo acertar las quinielas / | ||
| 260 |
_aBarcelona : _bGiovanni de vecchi, _c1968. |
||
| 300 |
_a273 páginas ; _c18 cm. |
||
| 505 | _aContenido : El sistema matemático general y los reductores normales -- Boletos múltiples... | ||
| 650 |
_aQuinielas _943170 |
||
| 650 |
_aJuego matematico _943171 |
||
| 700 |
_aVidal, J. M. _943172 |
||
| 942 |
_2ddc _cLIBROS |
||
| 945 | _arcc | ||